Parcours Paris Saint-Germain (PSG) - LDC 2024/25 - Statistiques

Statistiques générales
  • Ce quiz a été pris 6 446 fois
  • Le résultat moyen est 15 sur 17
Statistiques - réponses
Score Adversaire % Correct
Finale 5-0 Inter Milan
98%
Journée 2 0-2 Arsenal FC
97%
Demi-finale aller 1-0 Arsenal FC
97%
Demi-finale retour 2-1 Arsenal FC
97%
Huitième de finale aller 0-1 Liverpool FC
96%
Huitième de finale retour 1-0 Liverpool FC
96%
Quart de finale aller 3-1 Aston Villa
93%
Quart de finale retour 2-3 Aston Villa
93%
Journée 7 4-2 Manchester City
93%
Barrages aller 3-0 Stade brestois
93%
Barrages retour 7-0 Stade brestois
93%
Journée 5 0-1 Bayern Munich
82%
Journée 4 1-2 Atlético de Madrid
77%
Journée 1 1-0 Girona FC
73%
Journée 3 1-1 PSV Eindhoven
65%
Journée 8 4-1 VfB Stuttgart
64%
Journée 6 3-0 Red Bull Salzbourg
55%
Aucun quiz correspondant
Distribution des résultats
% des personnes avec chaque résultat
Percentile par nombre de réponses
Votre historique - résultats
Vous n’avez pas pris ce quiz